header

The place of play (Record no. 165332)

MARC details
000 -LEADER
fixed length control field 01467nam a2200337 a 4500
100 1# - MAIN ENTRY--AUTHOR NAME
Personal name Lauwaert, Maaike.
245 14 - TITLE STATEMENT
Title The place of play
260 ## - PUBLICATION, DISTRIBUTION, ETC. (IMPRINT)
Place of publication Amsterdam :
Name of publisher Amsterdam University Press,
Year of publication 2009.
300 ## - PHYSICAL DESCRIPTION
Number of Pages 159 p. :
Other physical details ill.
490 1# - SERIES STATEMENT
Series statement MediaMatters
505 0# - FORMATTED CONTENTS NOTE
Formatted contents note pt. 1. New children, different toys -- pt. 2. From solitary to networked geographies of play -- pt. 3. Commercial geographies of play -- pt. 4. Serious geographies of play.
650 #0 - SUBJECT ADDED ENTRY--TOPICAL TERM
Topical Term Computer games
Topical Term Computer games
Topical Term Games and technology.
856 40 - ELECTRONIC LOCATION AND ACCESS
Uniform Resource Identifier http://site.ebrary.com/lib/rucke/Doc?id=10314660

No items available.

© 2026 Rongo University
Contact us: librarian | system librarian | Rongo university